Perspectivas jurisprudenciales de la responsabilidad del Estado en el proyecto de Código civil y comercial unificado (Registro nro. 24023)
[ vista simple ]
| 000 -LEADER | |
|---|---|
| fixed length control field | 00394 a2200109 4500 |
| 001 - CONTROL NUMBER | |
| control field | ART_31286 |
| 005 - DATE AND TIME OF LATEST TRANSACTION | |
| control field | 20260410161840.0 |
| 008 - FIXED-LENGTH DATA ELEMENTS--GENERAL INFORMATION | |
| fixed length control field | 260409a |
| 100 1# - MAIN ENTRY--PERSONAL NAME | |
| Personal name | Salgan Ruiz, Leandro G. |
| 245 10 - TITLE STATEMENT | |
| Title | Perspectivas jurisprudenciales de la responsabilidad del Estado en el proyecto de Código civil y comercial unificado |
| 773 0# - HOST ITEM ENTRY | |
| Title | RAP |
| Related parts | - Año 36, Nº 423 (dic. 2013) |
| Record control number | REV5941 |
No hay ítems disponibles.